00217 a2200121 4500001000700000020000600007040001100013100001900024240001800043245001300061362000900074440001200083176134 a  cMagnum aFrança, Mary10aA magicalpor10aA magica0 a1899 1aÁtica